Southville International School and Colleges
Your cart is empty.
  • Cart
  • Lists
    Public lists Eva Luna New books Lux_list list_1
    Your lists Log in to create your own lists
  • Log in to your account
  • Your cookies
  • Search history
Southville International School and Colleges
  • Advanced search
  • Recent comments
  • Most popular
  • Libraries

Log in to your account

Log in with GOOGLE


If you do not have an external account, but do have a local account, you can still log in:

  1. Home
  2. MARC view: Si Ngorky at si Tagpi /
Normal view MARC view ISBD view

Si Ngorky at si Tagpi / (Record no. 8391)

[ view plain ]
MARC details
000 -LEADER
fixed length control field 00564nam a22001937a 4500
003 - CONTROL NUMBER IDENTIFIER
control field OSt
005 - DATE AND TIME OF LATEST TRANSACTION
control field 20140310182023.0
008 - FIXED-LENGTH DATA ELEMENTS--GENERAL INFORMATION
fixed length control field 130801t xxu||||| |||| 00| 0 eng d
020 ## - INTERNATIONAL STANDARD BOOK NUMBER
International Standard Book Number 971360539X
050 ## - LIBRARY OF CONGRESS CALL NUMBER
Classification number PZ 90
Item number .C987 1996
082 ## - DEWEY DECIMAL CLASSIFICATION NUMBER
Classification number FIL 808.899282
Item number C969 1996
100 ## - MAIN ENTRY--PERSONAL NAME
Personal name Custodio, R. M.
9 (RLIN) 7188
245 ## - TITLE STATEMENT
Title Si Ngorky at si Tagpi /
Statement of responsibility, etc R. M. Custodio.
260 ## - PUBLICATION, DISTRIBUTION, ETC. (IMPRINT)
Place of publication, distribution, etc Manila :
Name of publisher, distributor, etc S.G.E. Printers,
Date of publication, distribution, etc c1996.
300 ## - PHYSICAL DESCRIPTION
Extent 29p. :
Other physical details ill. ;
Dimensions 19 cm.
650 ## - SUBJECT ADDED ENTRY--TOPICAL TERM
Topical term or geographic name as entry element Children's literature
General subdivision Philippine fiction
9 (RLIN) 7189
942 ## - ADDED ENTRY ELEMENTS (KOHA)
Source of classification or shelving scheme Library of Congress Classification
Koha item type
Holdings
Withdrawn status Lost status Source of classification or shelving scheme Damaged status Home library Current library Shelving location Date acquired Total Checkouts Full call number Barcode Date last seen Copy number Price effective from Koha item type
    Library of Congress Classification   Luxembourg Library Luxembourg Library Filipiniana Section 08/01/2013   PZ 90 .C987 1996 4450 08/13/2013 1 08/01/2013 Books

Si Ngorky at si Tagpi /

APA

Custodio R. M., . (1996). Si Ngorky at si Tagpi. Manila: S.G.E. Printers.

Chicago

Custodio R M, . 1996. Si Ngorky at si Tagpi. Manila: S.G.E. Printers.

Harvard

Custodio R. M., . (1996). Si Ngorky at si Tagpi. Manila: S.G.E. Printers.

MLA

Custodio R M, . Si Ngorky at si Tagpi. Manila: S.G.E. Printers. 1996.

  • Place hold
  • Print
  • Cite
  • Add to your cart (remove)
  • Save record
    BIBTEX Dublin Core MARCXML MARC (non-Unicode/MARC-8) MARC (Unicode/UTF-8) MARC (Unicode/UTF-8, Standard) MODS (XML) RIS
  • More searches
    Search for this title in:
    Other Libraries (WorldCat) Other Databases (Google Scholar) Online Stores (Bookfinder.com) Open Library (openlibrary.org)

Exporting to Dublin Core...

SOUTHVILLE LIBRARY

Southville International School and Colleges Library

1281 Tropical Ave. Cor. Luxembourg St., BF Homes International, Las Pinas City

Tel. No. 8256374 / 252358 Loc. 117/146

Powered by Koha